000 00421nam a2200145Ia 4500
008 220217s9999||||xx |||||||||||||| ||und||
020 _a9780071070782
082 _a658.311 KAD
100 _aKader, John
245 0 _a301 best questions to ask on your interview
250 _a2nd
260 _aTata mcgraw hill company Ltd
_bNew Delhi
_c2012
300 _aXVII, 302p.
_b225
650 _aHUMAN RESOURCE MANAGEMENT
999 _c183382
_d183382